Autonómne riadenie modelu malého vozidla na sledovanie čiary
Uložené v:
| Hlavný autor: | |
|---|---|
| Ďalší autori: | |
| Médium: | Rukopis Kniha |
| Jazyk: | Slovak |
| Vydavateľské údaje: |
Bratislava :
STU v Bratislave FEI,
2022
|
| Predmet: | |
| On-line prístup: | https://opac.crzp.sk/?fn=detailBiblioFormChildC114HE&sid=85CE14C1EED0152B7936DA9735B2&seo=CRZP-detail-kniha |
| Tagy: |
Žiadne tagy, Buďte prvý, kto otaguje tento záznam!
|
MARC
| LEADER | 00000ntm a22000003a 4500 | ||
|---|---|---|---|
| 001 | stuzp88416 | ||
| 003 | SK-STU | ||
| 005 | 20230404125630.1 | ||
| 007 | ta | ||
| 008 | 150427s2015----xo-----f-mn---000-0-slo-d | ||
| 040 | |a STU |b slo | ||
| 041 | 0 | |a slo | |
| 044 | |a xo | ||
| 100 | 1 | |a Tvarožek, Rastislav |u 035000 |4 aut |U FEI Fakulta elektrotechniky a informatiky |T FEI Ústav informatiky a matematiky |X 104617 |U E050 |Y 816 |7 104617 | |
| 242 | 0 | 1 | |a Autonomous control of a small vehicle model for line tracking |y eng |
| 245 | 1 | 0 | |a Autonómne riadenie modelu malého vozidla na sledovanie čiary |
| 260 | |a Bratislava : |b STU v Bratislave FEI, |c 2022 | ||
| 300 | |a 75 s., príl. | ||
| 650 | 4 | |a model strojového učenia |2 slo | |
| 650 | 4 | |a senzor |2 slo | |
| 650 | 4 | |a autonómne vozidlo |2 slo | |
| 650 | 4 | |a autonomous vehicle |2 eng | |
| 650 | 4 | |a machine learning model |2 eng | |
| 650 | 4 | |a sensor |2 eng | |
| 700 | 1 | |a Bucz, Štefan |4 ths |X 17719 |7 A000017719 | |
| 856 | 4 | |u https://opac.crzp.sk/?fn=detailBiblioFormChildC114HE&sid=85CE14C1EED0152B7936DA9735B2&seo=CRZP-detail-kniha | |